| 000 | 00806nam a2200229Ii 4500 | ||
|---|---|---|---|
| 003 | JO-AjNU | ||
| 008 | 230605s9999||||xx |||||||||||||| ||und|| | ||
| 017 | _a2013/3/789 | ||
| 040 |
_aJO-AjNU _bara _erda _cJO-AjNU |
||
| 041 | _aara | ||
| 050 | 1 | 4 | _aJQ1825.2013 |
| 100 | 3 |
_a فراعنة، حمادة يوسف, _eauthor _950305 |
|
| 245 | 0 | 0 | _aالإخوان المسلمون ودورهم السياسي |
| 250 | _aط1 | ||
| 264 | 3 | 1 | _aعمان : دار الجيل ،2013 |
| 300 | _a218ص | ||
| 336 |
_atext _btxt _2rdacontent |
||
| 337 |
_aunmediated _bn _2rdamedia |
||
| 338 |
_avolume _bnc _2rdacarrier |
||
| 490 | 0 | _a(4) من أجل أردن عربي ديمقراطي | |
| 650 | 4 |
_aالأخوان المسلمون -- الحركات الإسلامية -- السياسة -- الأردن _950306 |
|
| 999 |
_aA22151 _c25719 _d25719 |
||